00323 a2200109 4500001001000000005001700010008004100027245004300068100001800111773006700129999001700196ART_4622720260410162006.0260409a 10aInterrupción voluntaria del embarazo1 aFlah, Lily R.0 tTemas de derecho civilg- Año 4, N° 4 (abr. 2018)wREV34778 c31728d31728